Mensaje de Su Santidad Juan Pablo II para la celebración de la Jornada Mundial de la Paz / Juan Pablo II

محفوظ في:
التفاصيل البيبلوغرافية
مؤلف مشترك: Iglesia Católica. Papa (1978-2005 : San Juan Pablo II)
التنسيق: كتاب
الموضوعات:
الوسوم: إضافة وسم
لا توجد وسوم, كن أول من يضع وسما على هذه التسجيلة!

MARC

LEADER 00000nam^a2200000^u^4500
001 000551358
005 20250521000000.0
008 060220s1000^^^^^^^^^^^^r^^^^^000^0^spa^d
009 20260310131554.07
035 |a FMI 000021142 
037 |a Acervo Xavier Clavigero 
096 |a 5.4.4/54/C/v.2 
110 |a Iglesia Católica. Papa (1978-2005 : San Juan Pablo II) 
245 1 0 |a Mensaje de Su Santidad Juan Pablo II para la celebración de la Jornada Mundial de la Paz / Juan Pablo II 
264 |a [México : Librería Parroquial de Clavería, 1988] 
300 |a 13 p. 
336 |a texto  |b txt  |2 rdacontenido 
337 |a sin mediación  |b n  |2 rdamedio 
338 |a volumen  |b nc  |2 rdasoporte 
597 |a "1 enero 1989" 
649 |a XX 
650 |a Documentos Eclesiásticos 
910 |a Fondo Francisco Migoya Covarrubias S.J. 
920 |a Impresos - Libros 
930 |a Fondos Especiales 
905 |a 134 
901 |a SBC19251  |b IT2  |c ESP  |u 20250521 
902 |a https://opac.biblio.iteso.mx/vufind/Record/000551358